Central Library OPAC University of Rajshahi

একটা লিচু ও অন্যান্য গল্প / (Record no. 77559)

MARC details
000 -LEADER
fixed length control field 00779nam a2200229 a 4500
001 - CONTROL NUMBER
control field 77559
003 - CONTROL NUMBER IDENTIFIER
rucl marc code BD-RjUL
005 - DATE AND TIME OF LATEST TRANSACTION
control field 20211209083003.0
008 - FIXED-LENGTH DATA ELEMENTS--GENERAL INFORMATION
fixed length control field 201123s2019 bg ||||| |||| 00| j b d
020 ## - INTERNATIONAL STANDARD BOOK NUMBER
International Standard Book Number 978-984-93798-5-0
035 ## - SYSTEM CONTROL NUMBER
System control number (BD-RjUL)77785
040 ## - CATALOGING SOURCE
Original cataloging agency BD-RjUL
Language of cataloging ben
Transcribing agency BD-RjUL
Modifying agency BD-RjUL
041 ## - LANGUAGE CODE
Language code of text/sound track or separate title ben
082 ## - DEWEY DECIMAL CLASSIFICATION NUMBER
Edition number 23
Classification number 891.443
Author mark and year AMA 2019
100 ## - MAIN ENTRY--PERSONAL NAME
Relator code আমজাদ, হাসনাত
245 10 - TITLE STATEMENT
Title একটা লিচু ও অন্যান্য গল্প /
Statement of responsibility, etc. হাসনাত আমজাদ
260 ## - PUBLICATION, DISTRIBUTION, ETC. (IMPRINT)
Place of publication, distribution, etc. ঢাকা :
Name of publisher, distributor, etc. বটেশ্বর বণন,
Date of publication, distribution, etc. ২০১৯
300 ## - PHYSICAL DESCRIPTION
Pagination ৪০পৃ. :
Illustrations চিত্র ;
Size ২৪ সেমি.
650 ## - SUBJECT ADDED ENTRY--TOPICAL TERM
Topical term or geographic name as entry element ছোট গল্প
9 (RLIN) 242089
Topical term or geographic name as entry element Short story
9 (RLIN) 242093
942 ## - ADDED ENTRY ELEMENTS (KOHA)
Source of classification or shelving scheme Dewey Decimal Classification
Koha item type Books
Holdings
Lost status Source of classification or shelving scheme Damaged status Not for loan Collection code Permanent Location Current Location Shelving location Date acquired Source of acquisition Cost, normal purchase price Total Checkouts Full call number Date last seen Copy number Koha item type
  Dewey Decimal Classification   Not For Loan Fiction Central Library, University of Rajshahi Central Library, University of Rajshahi Reading Room 22/11/2020 Auther 150.00   B 891.443 AMA 2019 23/11/2020 C-1 Books